Teachers of children who are mentally retarded, (Record no. 22271)
[ view plain ]
| 000 -LEADER | |
|---|---|
| fixed length control field | 01440cam a22002531 4500 |
| 001 - CONTROL NUMBER | |
| control field | e 57000022 |
| 003 - CONTROL NUMBER IDENTIFIER | |
| control field | DLC |
| 005 - DATE AND TIME OF LATEST TRANSACTION | |
| control field | 20260227111236.0 |
| 008 - FIXED-LENGTH DATA ELEMENTS--GENERAL INFORMATION | |
| fixed length control field | 830608s1957 dcua 000 0 eng |
| 010 ## - LIBRARY OF CONGRESS CONTROL NUMBER | |
| LC control number | e 57000022 |
| 035 ## - SYSTEM CONTROL NUMBER | |
| System control number | (OCoLC)16764462 |
| 040 ## - CATALOGING SOURCE | |
| Original cataloging agency | DLC |
| Transcribing agency | OrPS |
| Modifying agency | OCoLC |
| -- | DLC |
| 050 00 - LIBRARY OF CONGRESS CALL NUMBER | |
| Classification number | L111 |
| Item number | .A6 1957, no. 3 |
| 051 ## - LIBRARY OF CONGRESS COPY, ISSUE, OFFPRINT STATEMENT | |
| Classification number | LC4631 |
| Item number | .M3 |
| 100 1# - MAIN ENTRY--PERSONAL NAME | |
| Personal name | Mackie, Romaine Prior, |
| Dates associated with a name | 1898- |
| 245 10 - TITLE STATEMENT | |
| Title | Teachers of children who are mentally retarded, |
| Statement of responsibility, etc. | prepared by Romaine P. Mackie, Harold M. Williams, and Lloyd M. Dunn, in collaboration with Anna M. Engel [and others] A report based on findings from the study "Qualification and preparation of teachers of exceptional children" [conducted by the Office of Education with the special help of the Association for the Aid of Crippled Children, New York City] |
| 260 ## - PUBLICATION, DISTRIBUTION, ETC. | |
| Place of publication, distribution, etc. | Washington, |
| Name of publisher, distributor, etc. | U.S. Dept. of Health, Education and Welfare, Office of Education, |
| Date of publication, distribution, etc. | 1957. |
| 300 ## - PHYSICAL DESCRIPTION | |
| Extent | xi, 97 p. |
| Other physical details | illus. |
| Dimensions | 24 cm. |
| 501 ## - WITH NOTE | |
| With note | Copies 1 and 2 of L111.A6 with: Austrian teachers and their education since 1945 / Helen C. Lahey. Washington : Govt. Print. Off., 1957. Bound together subsequent to publication. |
| Institution to which field applies | DLC |
| 650 #0 - SUBJECT ADDED ENTRY--TOPICAL TERM | |
| Topical term or geographic name entry element | Children with mental disabilities |
| General subdivision | Education. |
| 710 2# - ADDED ENTRY--CORPORATE NAME | |
| Corporate name or jurisdiction name as entry element | Association for the Aid of Crippled Children. |
| 740 0# - ADDED ENTRY--UNCONTROLLED RELATED/ANALYTICAL TITLE | |
| Uncontrolled related/analytical title | Qualification and preparation of teachers of exceptional children. |
| 830 #0 - SERIES ADDED ENTRY--UNIFORM TITLE | |
| Uniform title | Bulletin (United States. Office of Education) ; |
| Volume/sequential designation | 1957, no. 3. |
No items available.